000 01350nam0a2200325 4500
001 RU\NLR\ONL1\18744
005 20250613123540.0
035 _a(NLR Aleph) 009647481
090 _a9567110
_c9567110
100 _a20111212d1926 |||y0rusy50 ca
101 1 _akom
_crus
102 _aRU
105 _aa |||||||||
135 _acrmn mmmanaba
200 1 _aВисьтъяс
_eпосни пинывлы
_fП. Замойский
_gроч-вылысь лос. Илля-Вась
210 _aМ.
_cЦентриздат
_d1926
215 _a15 с.
_cил.
_d20
325 1 _aКопия доступна в электронной библиотеке РНБ
541 1 _aВ деревне
_eрассказы
_zrus
686 1 _aШ6(2=Ко)-91Р7-4
700 1 _aЗамойский
_bП.
_4070
801 0 _aRU
_bNLR
_c20111212
_gPSBO
852 _aNLR
_bОНЛ
_jКоми-з./2-936
901 _eКнижные издания: ОНЛ
942 _cBOOK
980 _aNB
981 3 3 _a(33) Художественная литература
_b(33) Книги для детей на национальных языках
981 2 3 _a(23) Национальные литературы
_b(23) Книги на национальных языках